000 00501nab a2200145Ia 4500
003 ES-SlBCS
005 20210601123907.0
008 140529s1994 xxu||||| |||| 00| 0 eng d
041 _aeng
100 1 _aSloboda, Myron
_9131523
245 0 0 _aIntuition, Involvement, Interrogation: the Meaning of Self-Making
_c Myron Sloboda
650 0 4 _aAutoformación
_9131524
773 0 _tAmerican Catholic Philosophical Quarterly
_gvol. 68. Annual Supplement, nº. 5, 1994, págs. 215-227
_wRev1385
942 _cAR
999 _c505814
_d505814